Morphology of the angiosperms (Record no. 20975)

MARC details
000 -LEADER
fixed length control field 00309nam a2200121Ia 4500
082 ## - DEWEY DECIMAL CLASSIFICATION NUMBER
Classification number 582.5:581.4
Item number EAM
100 ## - MAIN ENTRY--AUTHOR NAME
Personal name EAMES, Arthur J
245 #0 - TITLE STATEMENT
Title Morphology of the angiosperms
260 ## - PUBLICATION, DISTRIBUTION, ETC. (IMPRINT)
Place of publication New York
Name of publisher McGraw Hill
Year of publication 1961
650 ## - SUBJECT ADDED ENTRY--TOPICAL TERM
Topical Term Angiosperm
942 ## - ADDED ENTRY ELEMENTS (KOHA)
Koha item type Books
Holdings
Withdrawn status Lost status Damaged status Not for loan Home library Current library Date acquired Full call number Accession Number Koha item type
        RRII Library RRII Library 16/12/2021 582.5:581.4 EAM 01697 Books